Statistics for Ocean Knowledge

Click here to take the quiz!

General Stats

  • This quiz has been taken 18 times
  • The average score is 7 of 15

Answer Stats

HintAnswer% Correct
Which ocean is the biggest?Pacific Ocean
100%
Which ocean is the smallest?Arctic Ocean
92%
What is the deepest point in the oceans?Mariana Trench
92%
How much of the Earth's surface is covered in oceans? (Guess within four)71 Percent
77%
In what ocean is the island of Socotra located?Indian Ocean
69%
What year did The Titanic sink?1912
62%
Which ocean has been found to be the saltiest ocean in the world?Atlantic Ocean
62%
What is the biggest threat to our oceans?Plastic Pollution
62%
What kingdom of life is coral?Animal
54%
What is the name of the warm ocean current that crosses the Atlantic Ocean?The Gulf Stream
46%
How deep is the Mariana Trench?Seven Miles
8%
How many shipwrecks are estimated to be in the ocean?Three Million
8%
Turtles shells are made of how many bones fused together?About 50
0%
Ocean water moves in what distinctive manner?Circular Motions
0%
What is the longest mountain range under the ocean? (And above land)Mid-Oceanic Ridge
0%

Score Distribution

Percentile by Number Answered

Percent of People with Each Score

Your Score History

You have not taken this quiz